Review of international research on structural robustness and disproportionate collapse (Record no. 112843)

MARC details
000 -LEADER
fixed length control field 01268cad a22002175a 4500
001 - CONTROL NUMBER
control field L154107
008 - FIXED-LENGTH DATA ELEMENTS--GENERAL INFORMATION
fixed length control field 111014s2011 xxk f 000 0 eng d
020 ## - INTERNATIONAL STANDARD BOOK NUMBER
International Standard Book Number 9781409830078
035 ## - SYSTEM CONTROL NUMBER
System control number (Sirsi) u154107
041 0# - LANGUAGE CODE
Language code of text/sound track or separate title eng
110 2# - MAIN ENTRY--CORPORATE NAME
Corporate name or jurisdiction name as entry element United Kingdom
Subordinate unit Department for Communities and Local Government
9 (RLIN) 4939
245 00 - TITLE STATEMENT
Title Review of international research on structural robustness and disproportionate collapse
Medium [electronic resource]
260 ## - PUBLICATION, DISTRIBUTION, ETC.
Place of publication, distribution, etc. London
Name of publisher, distributor, etc. DCLG
Date of publication, distribution, etc. 2011
520 ## - SUMMARY, ETC.
Summary, etc. This research report concludes an extensive international literature review into robustness and disproportionate collapse in structures undertaken on behalf of the Department for Communities and Local Government and the Centre for the Protection of National Infrastructure. The report aims to ascertain the state of knowledge in the subject and identify the gaps in that state of knowledge against which future research initiatives can be targeted.
590 ## - LOCAL NOTE (RLIN)
Local note KA NTK
651 #4 - SUBJECT ADDED ENTRY--GEOGRAPHIC NAME
Geographic name International
690 ## - LOCAL SUBJECT ADDED ENTRY--TOPICAL TERM (OCLC, RLIN)
Topical term or geographic name as entry element BUILT ENVIRONMENT-BUILDING PATHOLOGY
710 1# - ADDED ENTRY--CORPORATE NAME
Corporate name or jurisdiction name as entry element Centre for the Protection of National Infrastructure
856 40 - ELECTRONIC LOCATION AND ACCESS
Uniform Resource Identifier <a href="https://www.communities.gov.uk/documents/planningandbuilding/pdf/2001594.pdf">https://www.communities.gov.uk/documents/planningandbuilding/pdf/2001594.pdf</a>
Public note View the item free of charge at www.communities.gov.uk
942 ## - ADDED ENTRY ELEMENTS (KOHA)
Suppress in OPAC 0
Holdings
Withdrawn status Lost status Source of classification or shelving scheme Damaged status Not for loan Home library Current library Shelving location Date acquired Total Checkouts Full call number Barcode Date last seen Copy number Price effective from Koha item type
    Dewey Decimal Classification     Virtual Virtual Online 14/10/2011   ONLINE PUBLICATION 154107-2001 06/08/2019 1 06/08/2019 Book